000 00782nab a2200253 u 4500
001 21573
003 HDC
007 cr bn ---aaaaa
008 210309c mydr|nes 0 a eng d
040 _aHDC
245 0 _aMOSTI tawar geran penyelidikan RM20j
260 _aMalaysia :
_bUTUSAN MALAYSIA,
_c2015
300 _a1pages
336 _atext
_2rdacontent
337 _acomputer
_2rdamedia
338 _aonline resource
_2rdacarrier
650 _aeducation
_9844
650 _aresearch industry
_916808
710 _aUTUSAN MALAYSIA
856 _zRequest full-text at [email protected]
942 _2lcc
942 _cNEWS
942 _kNWSC 010506
999 _c18889
_d18889